| 000 | 01133nam a2200325 c 4500 | ||
|---|---|---|---|
| 003 | BLK | ||
| 005 | 20180422100404.0 | ||
| 008 | 180408b bul|||||r ||||||| ||bul|| | ||
| 010 | _aKNG00038151000 | ||
| 020 |
_a978-954-8308-06-9 _bиздат.: Персей |
||
| 040 | _aBLK | ||
| 041 |
_aBUL _cBUL |
||
| 072 | 7 |
_2bullib _aН83 _xЧужда художествена литература Н |
|
| 080 |
_aАнглоканадска литература _b821.111(71) _x-31 _z821.111(71)-31 |
||
| 100 | 1 |
_aГловър, Дъглас _eпърви автор _9367231 |
|
| 700 | 1 |
_aМинчев, Емил _eпрев. _9266843 |
|
| 139 |
_aГловър, Дъглас _bГ 55 |
||
| 245 | 1 | 0 |
_aЕл _bРоман _cДъглас Гловър; прев. Емил Минчев. |
| 257 | _aCAN | ||
| 260 |
_аСофия _bПерсей _c2009 _fСофия : Инвестпрес |
||
| 300 |
_a192 с. _c20 см |
||
| 380 | _aX | ||
| 500 | _aОриг. загл. Elle / Douglas Glover. | ||
| 659 | _aН | ||
| 852 | _aЦб 251679 | ||
| 856 | 4 |
_qpdf _u |
|
| 856 | 4 |
_qpdf _u |
|
| 942 |
_cKNG _n0 |
||
| 944 |
_aCR _c13.05.2011 _kМилена_Ачева |
||
| 944 |
_aED _c23.08.2011 _k |
||
| 999 |
_c35418 _d35418 |
||